00558nam a2200193 a 450000100060000000300090000600800410001502000120005604000280006808200140009610000210011024500730013125000060020426000630021030000170027350000170029065000330030765000240034010893CO-ViMGA141112s2004 ck r 000 u spa d a8168480 aCO-ViMGAbspacCO-ViMGA04a915.1 C651 aHsiung, James C.10aContemporary Republic of China : bThe Taiwan Experience 1950 - 1980 a2 aNew York, cThe Américan Association for chinese studios a518 p. lams. aFecha : 198314aCHINA - CONDICIONES SOCIALES14aCHINA - DESCRIPCION